000 00817nam a2200313Ia 4500
001 9570
005 20240113234216.0
007 ta
008 050727s395 a g b000 u ben u
020 _cHB
040 _aCotton College,Assam
041 _aben
082 _a891.44408
_bMu 896 Sr
100 _aMukherjee, Tarapada .
245 0 _aSri Krishna Kirtan /
_cTarapada Mukherjee.
_hTextual Documents
250 _a2nd Rev. ed. /
260 _aCalcutta :
_bMitra & Ghosh publishers ,
_c1395 Bangabda.
300 _a178p. :
_bill. ;
_c22cm. .
653 _aBengali Essays-Collection
653 _aMS-Bengali
653 _aG-Bengali
942 _2ddc
_cBK
999 _c9557
_d9557